| 000 | 00847nam a2200241 4500 | ||
|---|---|---|---|
| 001 | 140027 | ||
| 003 | ES-MaACL | ||
| 005 | 20231227173650.0 | ||
| 007 | t| | ||
| 008 | 070214s1941 sp |||| | spa d | ||
| 100 | 1 |
_aSchmitt, Carl. _9104517 |
|
| 245 | 1 | 0 |
_aEstudios políticos / _cCarl Schmitt ; traducción de Francisco Javier Conde. |
| 260 |
_aMadrid : _bCultura Española, _c1941. |
||
| 300 |
_a191 p. ; _c20 cm. |
||
| 505 | 8 |
_aContiene: ; _tLa época de la neutralidad ; _tTeología política ; _tEl concepto de la política |
|
| 597 | _aEjemp. falto de 14 págs. | ||
| 700 | 1 |
_aConde, Francisco Javier, _d1908-1974 _940093 |
|
| 740 | 3 | _aLa época de la neutralidad. | |
| 740 | 0 | _aTeología política. | |
| 740 | 3 | _aEl concepto de la política. | |
| 852 |
_aES-MaACL _jF-15120 _z. - Enc. hol. |
||
| 999 |
_c140027 _d140027 |
||